00962nam a2200253 a 45000010005000000030008000050050017000130080041000300200015000710350018000860400032001040410008001360820022001441110092001662450084002582600040003423000035003825000128004175040029005456500027005747000035006017100043006367100029006796691BD-RjUL20211208234307.0130112s1969 nyua 100 0 eng d a0124266525 a(BD-RjUL)6732 aDLCcDLCdDLCdBD-RjULbeng aeng00a519.535bMUL 19692 aInternational Symposium on Multivariate Analysis,n2d,cWright State University,d1969.10aMultivariate analysis - II :bproceedings /cEdited by Paruchuri R. Krishnaiah. aNew York :bAcademic Press,cc1969. axx, 696 p. :billus. ;c24 cm. a"Sponsored by the Aerospace Research Laboratories, Office of Aerospace Research ... Wright-Patterson Air Force Base, Ohio." aIncludes bibliographies. 0aMultivariate analysis.1 aKrishnaiah, Paruchuri R.,eed.2 aAerospace Research Laboratories (U.S.)2 aWright State University.